000 00932nam a22002297a 4500
005 20240530110446.0
008 150428s2009 ua aok f b 000 0 ara d
017 _a2009/15556
_bمصر . دار الكتب المصرية
020 _a9789774209859
040 _aEG-CaGPL
082 0 4 _221
_a391.00903
_bق/إ ز
100 0 _aابراهيم ماضى
245 1 0 _aزى امراء المماليك فى مصر و الشام /
_cتاليف ابراهيم ماضى
260 _aالقاهرة :
_bالهيئة المصرية العامة للكتاب ،
_c2009 .
300 _a377 ص :
_bايض ؛
_c24 سم .
490 _aتاريخ المصريين ؛
_v281
504 _aببليوجرافية : ص 335 - 365
650 0 4 _aالازياء
_xتاريخ
_yالعصر المملوكى
650 0 4 _aالازياء
_xالعادات و التقاليد
_zمصر
942 _2ddc
_cBK
999 _c61157
_d61157